Arabic Manuscripts in the Birnbaum Collection, Toronto : A Brief Catalogue /
Arabic and Persian Manuscripts in the Birnbaum Collection, Toronto includes many early copies, from the 6th century A.H. / 12th century C.E. onwards. They cover a wide range of subjects. The catalogue gives detailed descriptions of 66 Arabic and 34 Persian works, arranged by subject. Author and titl...
المؤلف الرئيسي:
التنسيق: كتاب الكتروني
اللغة: English
منشور في:
Leiden, Boston :
BRILL,
2019.
سلاسل:
Islamic Manuscripts and Books
18.
Middle East and Islamic Studies E-Books Online, Collection 2019, ISBN: 9789004386341.
الموضوعات:
الوصول للمادة أونلاين: Login to view Source
الوسوم: إضافة وسم
رقم الطلب:
| LEADER | 03217cam a2200445Ii 4500 | ||
|---|---|---|---|
| 001 | BRILL9789004389670 | ||
| 003 | nllekb | ||
| 005 | 20211118222327.0 | ||
| 006 | m d | ||
| 007 | cr un uuuua | ||
| 008 | 190403s2019 gw sb 001 0 eng d | ||
| 020 | |a 9789004389670 |q (electronic book) | ||
| 020 | |z 9789004388215 |q (print) | ||
| 024 | 7 | |a 10.1163/9789004389670 |2 DOI | |
| 035 | |a (OCoLC)1066188853 | ||
| 040 | |a NL-LeKB |c NL-LeKB |e rda | ||
| 072 | 7 | |a HIS |x 026000 |2 bisacsh | |
| 072 | 7 | |a HBJF1 |2 bicssc | |
| 082 | 0 | 4 | |a 002.09 |2 23 |
| 100 | 1 | |a Birnbaum, Eleazar, |e author. | |
| 245 | 1 | 0 | |a Arabic Manuscripts in the Birnbaum Collection, Toronto : |b A Brief Catalogue / |c Eleazar Birnbaum. |
| 264 | 1 | |a Leiden, |a Boston : |b BRILL, |c 2019. | |
| 300 | |a 1 online resource. | ||
| 336 | |a text |b txt |2 rdacontent | ||
| 337 | |a computer |b c |2 rdamedia | ||
| 338 | |a online resource |2 rdacarrier | ||
| 490 | 0 | |a Islamic Manuscripts and Books; |v v. 18 | |
| 490 | 0 | |a Middle East and Islamic Studies E-Books Online, Collection 2019, ISBN: 9789004386341 | |
| 504 | |a Includes bibliographical references and index. | ||
| 505 | 0 | 0 | |a Front Matter -- Copyright Page -- Catalogue -- Arabic Manuscripts -- Introduction to the Arabic Manuscripts -- A. Geography -- B. Language and Lexicography -- C. Literature: Poetry -- D. Literature: Prose -- E. Qurʾān -- F. Tafsīr -- G. Islām: Other (Ḥadīth, ʿAqāʾid, Fiqh, Fatwā, Eschatology, Prayer, et cetera) -- H. Sufism -- I. Druze -- J. Ethics -- K. Encyclopedic; Sciences and Pseudosciences; Medicine; Mixed -- L. Ijāza -- M. Calligraphy -- N. Persian Philology -- Persian Manuscripts -- Introduction to the Persian Manuscripts -- A. History -- B. Literature -- C. Islam; Religion -- D. Ethics -- E. Language, Lexicography, and Prosody -- F. Encyclopedia -- G. Astrology -- H. Document -- I. [Majmūʿa] -- Back Matter -- Bibliography and Sigla -- Arabic Manuscripts: Author Index -- Arabic Manuscripts: Title Index -- Concordance of Arabic Manuscripts -- Persian Manuscripts: Author Index -- Persian Manuscripts: Title Index -- Concordance of Persian Manuscripts. |
| 506 | |a Available to subscribing member institutions only. | ||
| 520 | |a Arabic and Persian Manuscripts in the Birnbaum Collection, Toronto includes many early copies, from the 6th century A.H. / 12th century C.E. onwards. They cover a wide range of subjects. The catalogue gives detailed descriptions of 66 Arabic and 34 Persian works, arranged by subject. Author and title indexes provide easy access, and photographs of selected pages enhance the descriptions. The manuscripts were acquired individually over many decades. | ||
| 650 | 0 | |a Manuscripts & Printing. | |
| 776 | 0 | 8 | |i Print version: |t Arabic Manuscripts in the Birnbaum Collection, Toronto: A Brief Catalogue |d Leiden, Boston : BRILL, 2019, |z 9789004388215 |
| 830 | 0 | |a Islamic Manuscripts and Books |v 18. | |
| 830 | 0 | |a Middle East and Islamic Studies E-Books Online, Collection 2019, ISBN: 9789004386341. | |
| 856 | 4 | |z DOI: |u http://dx.doi.org/10.1163/9789004389670 | |
| 942 | |2 lcc |c EBOOK | ||
| 952 | |0 0 |1 0 |2 lcc |4 0 |7 1 |9 23044 |a BRILL |b BRILL |d 2021-11-18 |l 0 |r 2021-11-18 00:00:00 |w 2021-11-18 |y EBOOK | ||
| 999 | |c 40518 |d 40518 | ||
